| 000 | 00334nam a2200121Ia 4500 | ||
|---|---|---|---|
| 008 | 220217s9999||||xx |||||||||||||| ||und|| | ||
| 082 | _a005.13 PAT | ||
| 100 |
_aPatil, Vanitadevi _94810 |
||
| 245 | 0 | _aJava and CGI programming | |
| 260 |
_aStar tech education _bBangalore _c2006 |
||
| 300 | _b295 | ||
| 650 | _aPROGRAMMING LANGUAGE | ||
| 999 |
_c174620 _d174620 |
||